Cultural practices and identity politics in Manipur/ (Record no. 8343)

MARC details
000 -LEADER
fixed length control field 00895 a2200217 4500
003 - CONTROL NUMBER IDENTIFIER
control field GBCCL
005 - DATE AND TIME OF LATEST TRANSACTION
control field 20241126110648.0
008 - FIXED-LENGTH DATA ELEMENTS--GENERAL INFORMATION
fixed length control field 200210b ||||| |||| 00| 0 eng d
020 ## - INTERNATIONAL STANDARD BOOK NUMBER
International Standard Book Number 9789351251439
020 ## - INTERNATIONAL STANDARD BOOK NUMBER
International Standard Book Number 9351251438
040 ## - CATALOGING SOURCE
Transcribing agency GBC
082 ## - DEWEY DECIMAL CLASSIFICATION NUMBER
Classification number 305.80095417
Item number CUL
245 ## - TITLE STATEMENT
Title Cultural practices and identity politics in Manipur/
Statement of responsibility, etc. edited by Lisham Henthoiba, Laishram Churchil.
260 ## - PUBLICATION, DISTRIBUTION, ETC.
Place of publication, distribution, etc. New Delhi :
Name of publisher, distributor, etc. Published for Centre for Alternative Discourse, Manipur by Concept Publishing Company Pvt. Ltd.,
Date of publication, distribution, etc. 2015.
300 ## - PHYSICAL DESCRIPTION
Extent xvii, 190 pages ;
Other physical details 23 cm
505 ## - FORMATTED CONTENTS NOTE
Formatted contents note Identity assertion and cultural practices --<br/>A take on Manipur's economy --<br/>Understanding resistance.
650 ## - SUBJECT ADDED ENTRY--TOPICAL TERM
Topical term or geographic name entry element Ethnicity -- India -- Manipur.
9 (RLIN) 14544
650 ## - SUBJECT ADDED ENTRY--TOPICAL TERM
Topical term or geographic name entry element Identity politics -- India -- Manipur.
9 (RLIN) 14545
650 ## - SUBJECT ADDED ENTRY--TOPICAL TERM
Topical term or geographic name entry element Political customs and rites -- India -- Manipur.
9 (RLIN) 14546
942 ## - ADDED ENTRY ELEMENTS (KOHA)
Source of classification or shelving scheme Dewey Decimal Classification
Koha item type Books
Koha issues (borrowed), all copies 13
Holdings
Withdrawn status Lost status Source of classification or shelving scheme Damaged status Not for loan Home library Current Library Shelving location Date acquired Source of acquisition Cost, normal purchase price Total checkouts Full call number Barcode Date last seen Date last checked out Copy number Cost, replacement price Price effective from Koha item type
    Dewey Decimal Classification     GRACE BIBLE COLLEGE GRACE BIBLE COLLEGE North East Collection 2020-02-24 10 562.50 16 305.80095417 CUL 013807 2025-05-01 2025-02-27 c.1 750.00 2020-02-24 Books
© Grace Bible College Library 2025